<?xml version="1.0" encoding="UTF-8"?>
<marc:record xmlns:marc="http://www.loc.gov/MARC21/slim">
   <marc:leader>00000nam a2200000 a 4500</marc:leader>
   <marc:datafield ind1="1" ind2=" " tag="100">
      <marc:subfield code="a">Bauer, Jutta</marc:subfield>
      <marc:subfield code="4">ctb</marc:subfield>
      <marc:subfield code="e">Mitwirkende/-r</marc:subfield>
   </marc:datafield>
   <marc:datafield ind1=" " ind2=" " tag="653">
      <marc:subfield code="a">CD</marc:subfield>
   </marc:datafield>
   <marc:datafield ind1="0" ind2="0" tag="245">
      <marc:subfield code="a">Die Königin der Farben</marc:subfield>
   </marc:datafield>
   <marc:datafield ind1="0" ind2="0" tag="245">
      <marc:subfield code="b">ein musikalisches Märchen ; mit CD-ROM-Teil: "Kleine Instrumentenkunde"</marc:subfield>
   </marc:datafield>
   <marc:datafield ind1="0" ind2="0" tag="245">
      <marc:subfield code="c">Jutta Bauer ...</marc:subfield>
   </marc:datafield>
   <marc:datafield ind1=" " ind2="1" tag="264">
      <marc:subfield code="a">Hamburg</marc:subfield>
      <marc:subfield code="b">Hörcompany</marc:subfield>
      <marc:subfield code="c">2007</marc:subfield>
   </marc:datafield>
   <marc:datafield ind1=" " ind2=" " tag="250">
      <marc:subfield code="a">3. Aufl.</marc:subfield>
   </marc:datafield>
   <marc:datafield ind1="1" ind2=" " tag="520">
      <marc:subfield code="a">Angaben aus der Verlagsmeldung

Die Königin der Farben : Ein musikalisches Märchen / von Jutta Bauer

Eine herrische, einsame Königin ruft nach ihren Untertanen: Zuerst nach dem Blau. Ein Wirbel von Sanftheit und Milde legt sich ihr freundlich zu Füßen und erfüllt sie. Danach ruft die Königin das Rot. Es wirft sie fast um. Königin und Rot spielen wild miteinander. Bald aber hat sie genug, und sie befiehlt dem Rot zu verschwinden. Das Spiel mit den Farben, Temperaturen, Launen und Stimmungen zieht sich farbenlang und schattenbreit ... blau, rot, rosa, gelb bis grau, von herrisch über lieblich, bis hin zu Streit, Krach, Wut, Trauer - und Wiedergeburt.

Aus Bildern werden Töne. Farben und Gefühle werden in Klänge umgewandelt. Der von Katharina Thalbach gesprochene Text wirkt wie ein roter Faden. Eine Anregung, selbst den Farben Ausdruck zu geben: Mitzumalen, zu tanzen, Theater zu spielen.
</marc:subfield>
   </marc:datafield>
   <marc:datafield ind1=" " ind2=" " tag="020">
      <marc:subfield code="a">9783939375210</marc:subfield>
      <marc:subfield code="9">9783939375210</marc:subfield>
   </marc:datafield>
   <marc:datafield ind1=" " ind2=" " tag="020">
      <marc:subfield code="a">3939375217</marc:subfield>
      <marc:subfield code="9">3939375217</marc:subfield>
   </marc:datafield>
   <marc:datafield ind1=" " ind2=" " tag="041">
      <marc:subfield code="a">ger</marc:subfield>
   </marc:datafield>
   <marc:datafield ind1=" " ind2=" " tag="300">
      <marc:subfield code="a">1 CD (Audio und ROM)</marc:subfield>
   </marc:datafield>
</marc:record>
